Jeux de mots géographiques #Afrique - Statistiques

Statistiques générales
  • Ce quiz a été pris 96 fois
  • Le résultat moyen est 10 sur 30
Statistiques - réponses
Phrase Réponse Terme Géographique % Correct
arrete de faire ton _ _ _ _ _ joie Rabat Ville du Maroc
74%
Garde _ _ _ _ _ vers le nord Le Cap l'une des 3 capitales
73%
Tu porte une jupe en _ _ _on Nil Fleuve
66%
Large, Régla, Lager ou Régal te font penser a quelle ville Alger Capitale
61%
_ _ _ _ ça, ça se fait pas de voler Oran Ville d'Algérie
58%
Heureusement se n'est qu'un traumatisme _ _ _ _ _ Benin Pays
47%
La lame du couteau est bien ai_ _ _ _ _ Gizeh Ville d'Égypte
45%
Pourquoi tu m'a donné un coup au _ _ _ Fés Ville du Maroc
43%
Tu peux m'appeler Obiwan _ _ _ _ _ _ _ Nairobi Capitale
38%
Tu pourra ni être a ton compte, _ _ _ _ _ é une boite Niger Pays
36%
L'_ _ _ _ _ _ ça pulpe Orange Fleuve
36%
_ _ _ _ _keuse de diamant Maroc Pays
35%
Je répare le radiateur en le _ _ _ _ _ _ Soudan Pays
35%
Je trouve ce _ _ _ _ _ ,vraiment très bon Gabon Pays
34%
22 laps _ _ _ _ before the checkerded flag Togo Pays
31%
Est ce que t'es _ _ _ _ _ avec moi Dakar Capitale
29%
_ _ _ _ _ Lauda est 3 fois champion du monde de F1 Nikki Ville du Bénin
29%
Jobi _ _ _ _ _ _ ta ta la ta ta Djouba Capitale
25%
Amuser est une anagramme de ce que tu recherches Maseru Capitale
25%
J'_ _ _ _ _ _ _ _ de ta fortune Érythrée Pays
23%
envoie moi _ _ _ _ par courrier s'il te plait Sfax Ville de Tunisie
19%
Les filles sont toujours absentes, normal elles _ _ _ _ _ _ _ _ _ _ Seychelles Pays
18%
Je vais _ _ _ _ _ snodar tout à l'heure Accra Capitale
16%
Je _ _ _ _ _ _ un bonbon Sousse Ville de Tunisie
16%
Si tu _ _ _ _ _ _llègue, je te paye un resto Bamako Capitale
13%
La nourriture est trop _ _ _ _ Salé Ville du Maroc
9%
Comment dit ton bienvenue en anglais Welkom Ville d'Afrique du Sud
8%
_ _ _ _ _ _ _, c'est la que les gens passe Kampala Capitale
6%
_ _ _ _ _ _ cet homme assis sur la route Mekele Ville d'Éthiopie
3%
Tu _ _ _ _ _mi que 2h Nador Ville du Maroc
3%
Aucun quiz correspondant
Distribution des résultats
% des personnes avec chaque résultat
Percentile par nombre de réponses
Votre historique - résultats
Vous n’avez pas pris ce quiz